000 02631nam0a22005291 4500
001 v19\rc\2110017
005 20240301143702.0
035 _a(NLR Aleph) 005181476
090 _a5135605
_c5135605
100 _a20090914d1822 m||y0rusy50 ca
101 1 _arus
_cfre
102 _aRU
135 _acrcn 024anaba
140 _ay y cayaa0000
200 1 _aАнгличанка в серале, или Опасное любопытство,
_eкомедия-водевиль в 1 действии,
_fпеределанная с французскаго М.А. Яковлевым
210 _aСанктпетербург
_cв типографии Карла Крайя
_d1822
215 _a63, [1] с.
_d
300 _aЦенз.: В.И.Соц, 19 июня 1822 г.
300 _aС.43 ошибочно помечена: 34
316 _aЭкз. РНБ (18.168.2.77) в изд. обл. На 1-й с. обл. ярлык с шифром РНБ. На 2-й с. обл. пуслой ярлык. Размер: 20,8х12,5х0,7 см
_5NLR: 18.168.2.77
325 _aКопия доступна в Электрон. б-ке РНБ
517 0 _aОпасное любопытство
620 _aСанкт-Петербург
700 1 _aЯковлев
_bМ. А.
_f1798-1858
_gМихаил Алексеевич
702 1 _aКрай
_bК.
_cиздатель
_f1773-1832
_gКарл
_3RU\NLR\AUTH\770216581
_4610
702 1 _aСоц
_bВ. И.
_f1788-1841
_gВасилий Иванович
_3RU\NLR\AUTH\770227517
_4190
712 0 0 _aКрай,
_gКарл,
_hтипография
_cПетербург
_3RU\NLR\AUTH\8810039174
_4610
801 0 _aRU
_bNLR
_gpsbo
801 1 _aRU
_bProSoft-M
_2rusmarc
852 _aNLR
_j18.168.2.77
852 _aNLR
_j19.113а.5.568
852 _aNLR
_bРЗФ
_j18 в. 1/280
856 0 _uhttps://vivaldi.nlr.ru/bx000026396/view
856 1 _uhttps://vivaldi.nlr.ru/bx000026396/cover
856 2 _uhttps://vivaldi.nlr.ru/bx000026396/text
942 _cBOOK
980 3 _akpcivil2021
980 3 _akp2021
980 3 _akp
980 _aNB
981 3 3 _a(33) Художественная литература
_b(33) Зарубежная литература
981 2 0 _a(20) Книжные памятники РНБ
_b(20) Русский книжный фонд